|
|
|
|
| LEADER |
00000ckm a2200000 a 4500 |
| 001 |
vtls001200048 |
| 003 |
SK-MaSNL |
| 005 |
20260331203046.0 |
| 007 |
kf co |
| 008 |
230706s1987 xo g 0kuslo |
| 015 |
|
|
|a SNBG1987
|
| 035 |
|
|
|a SNK000143117
|
| 035 |
|
|
|a urn:nbn:sk:snk-km45vh9
|
| 035 |
|
|
|a E68143A5-C5DB-45BF-B1A8-A3FC99A90D21
|
| 035 |
|
|
|a urn:nbn:sk:snk-km00fav5
|
| 040 |
|
|
|a SNK
|b slo
|c SNK
|e AACR2
|
| 041 |
0 |
|
|a slo
|
| 043 |
|
|
|a e-xo---
|
| 044 |
|
|
|a xo
|c SK
|
| 072 |
|
7 |
|a 913
|x Regionálna geografia
|2 konspekt
|
| 080 |
|
|
|a 913(437.6)
|2 2011
|
| 080 |
|
|
|a 908(437.6)
|2 2011
|
| 080 |
|
|
|a 797
|2 2011
|
| 080 |
|
|
|a 72/(188)-024.544
|2 2011
|
| 080 |
|
|
|a 640.412
|2 2011
|
| 080 |
|
|
|a 629.97
|2 2011
|
| 080 |
|
|
|a 627.81
|2 2011
|
| 080 |
|
|
|a (084.121)
|2 2011
|
| 080 |
|
|
|a 629.525
|2 2011
|
| 080 |
|
|
|a 912.43
|2 2011
|
| 080 |
|
|
|a 728.61
|2 2011
|
| 080 |
|
|
|a 725.84
|2 2011
|
| 080 |
|
|
|a 711.455
|2 2011
|
| 100 |
1 |
|
|a Dušek, Jiří,
|d 1941-
|4 pht
|9 173643
|
| 245 |
1 |
0 |
|a Zemplínska šírava - rozsiahla rekreačná oblasť na Východoslovenskej nížine pod výbežkami Vihorlatu
|h grafika
|c foto Jiří Dušek
|
| 246 |
1 |
|
|i Názov na obrazovej časti:
|a Zemplínska šírava
|
| 260 |
|
|
|a Bratislava
|b Pravda
|c 1987
|e [Bratislava]
|f TZP-B
|
| 300 |
|
|
|a 1 pohľadnica (5 čiastkových pohľadov)
|b farebná
|c 11 x 15 cm
|
| 520 |
8 |
|
|a Zobrazenie: Päť čiastkových pohľadov, každý v bielom orámovaní. Všetky spolu v oranžovom a následne v striebornom orámovaní. Pohľad na výletú loď vpravo na vodnej nádrži blízko brehu. Vľavo je na brehu budova so šikmou strechou, pred ňou je zaparkovaný autobus. Vpravo pred hotelom je vyhliadková veža. Pohľad na dva vodné bicykle vpravo v popredí na vodnej nádrži, vľavo za nimi vidno jachtu s roztiahnutými plachtami, v pozadí sú ešte ďalšie, bez roztiahnutých plachiet. Pohľad na jachtu v popredí, v pozadí vidno ostatné plavidlá na vodnej nádrži. Pohľad na mapu Zemplínskej šíravy a okolia. Pohľad na rozsiahlu trávnatú plochu, v pozadí za ňou je vidno medzi hustými listnatými stromami niekoľko chatiek, vľavo je veľká budova na svahu s rovnou strechou
|
| 650 |
0 |
7 |
|a vodné nádrže
|2 SNKPH
|9 4190
|
| 650 |
0 |
7 |
|a lode
|2 SNKPH
|9 28713
|
| 650 |
0 |
7 |
|a hotely
|2 SNKPH
|9 18422
|
| 650 |
0 |
7 |
|a rozhľadne
|2 SNKPH
|9 55576
|
| 650 |
0 |
7 |
|a jachty
|2 SNKPH
|9 68366
|
| 650 |
0 |
7 |
|a vodné športy
|2 SNKPH
|9 3221
|
| 650 |
0 |
7 |
|a mapy
|2 SNKPH
|9 871
|
| 650 |
0 |
7 |
|a chaty
|2 SNKPH
|9 29339
|
| 650 |
0 |
7 |
|a rekreačné zariadenia
|2 SNKPH
|9 3012
|
| 650 |
0 |
7 |
|a rekreačné oblasti
|2 SNKPH
|9 69057
|
| 651 |
|
7 |
|a Zemplínska šírava (Slovensko : rekreačná oblasť)
|2 SNKPHgeo
|9 113109
|
| 655 |
|
7 |
|a miestne pohľadnice
|2 SNKPH
|9 70510
|
| 655 |
|
7 |
|a geografické pohľadnice
|2 SNKPH
|9 70522
|
| 852 |
|
|
|a Slovenská národná knižnica
|
| 954 |
|
|
|a pohľadnice pôvodné (slovenské)
|2 lita
|
| 954 |
|
|
|a pohľadnice cudzojazyčné (svetové)
|2 lita
|
| 958 |
|
|
|a GBN
|
| 958 |
|
|
|a GC
|
| 958 |
|
|
|a OND
|
| 999 |
|
|
|c 679255
|d 681185
|
| 952 |
|
|
|a SNK
|b SNK
|y PREZ
|7 0
|p 17A1283585
|o snkSP 138678
|i snk343/88
|0 0
|1 0
|4 0
|d 2020-10-01
|f 1
|l 0
|r 2026-02-23 19:52:19
|w 2026-02-23
|
| 952 |
|
|
|a SNK
|b SNK
|y PREZ
|7 0
|p 17A1283584
|o snkSP 138678 D1
|i snk344/88
|0 0
|1 0
|4 0
|d 2020-10-01
|l 0
|r 2026-02-23 19:52:19
|w 2026-02-23
|